书目信息 |
| 题名: |
超级版冒险小虎队"鬼屋惊魂"
|
|
| 作者: | 托马斯·布热齐纳 著 | |
| 分册: | ||
| 出版信息: | 杭州 浙江少年儿童出版社 2005.01 |
|
| 页数: | 205页 | |
| 开本: | 20cm | |
| 丛书名: | ||
| 单 册: | ||
| 中图分类: | I521.84 | |
| 科图分类: | ||
| 主题词: | 文学 | |
| 电子资源: | ||
| ISBN: | 7-5342-3377-1 | |
| 000 | 00637nam0 2200193 450 | |
| 001 | 0637545598 | |
| 005 | 20060110102951.87 | |
| 010 | @a7-5342-3377-1@dCNY12.50 | |
| 100 | @a20060110d2005 km y0chiy0120 ea | |
| 101 | 0 | @achi |
| 102 | @aCN@b330000 | |
| 200 | 1 | @a超级版冒险小虎队"鬼屋惊魂"@Achao ji ban mao xian xiao hu dui"gui wu jing hun"@f(奥地利)托马斯·布热齐纳著@F(ao di li)tuo ma si·bu re qi na zhu |
| 210 | @a杭州@c浙江少年儿童出版社@d2005.01 | |
| 215 | @a205页@d20cm | |
| 606 | 0 | @a文学 |
| 690 | @aI521.84@v3 | |
| 701 | 0 | @a托马斯·布热齐纳@Atuo ma si·bu re qi na@4著 |
| 801 | 0 | @aCN@bPFT@c20060110 |
| 905 | @a10447@dI521.84@eT960 | |
| 超级版冒险小虎队"鬼屋惊魂"/(奥地利)托马斯·布热齐纳著.-杭州:浙江少年儿童出版社,2005.01 |
| 205页;20cm |
| ISBN 7-5342-3377-1:CNY12.50 |
| ● |
| 相关链接 |
|
|
|
正题名:超级版冒险小虎队"鬼屋惊魂"
索取号:I521.84/T960
 
预约/预借
| 序号 | 登录号 | 条形码 | 馆藏地/架位号 | 状态 | 备注 |
| 1 | 442266 | 204422669 | 文学库116/116文学库 18排2列6层/ [索取号:I521.84/T960] | 在馆 |